000 00714nam a2200205Ii 4500
003 JO-AjNU
008 230605s9999||||xx |||||||||||||| ||und||
040 _aJO-AjNU
_bara
_erda
_cJO-AjNU
041 _aara
050 1 4 _aHF5681.B2.A2636 1977
100 3 _aأبو الخير، فكري,
_eauthor
_936517
245 0 0 _aالمرجع في احكام اللائحة المالية للموازنة والحسابات
250 _aط1
264 3 1 _aالقاهرة: دار الفكر العربي، 1977
300 _a706ص
336 _atext
_btxt
_2rdacontent
337 _aunmediated
_bn
_2rdamedia
338 _avolume
_bnc
_2rdacarrier
650 4 _aمحاسبة القومية - ميزانية - مصر
_936518
999 _aA15179
_c18747
_d18747